Normal view
MARC view
- McEntire, David A
Entry Personal Name
001 - CONTROL NUMBER
- control field: 51486
003 - CONTROL NUMBER IDENTIFIER
- control field: NUST
005 - DATE AND TIME OF LATEST TRANSACTION
- control field: 20210314135005.0
008 - FIXED-LENGTH DATA ELEMENTS
- fixed length control field: 210314|| aca||aabn | a|a d
040 ## - CATALOGING SOURCE
- Original cataloging agency: NUST
- Transcribing agency: NUST
100 ## - HEADING--PERSONAL NAME
- Personal name: McEntire, David A
670 ## - SOURCE DATA FOUND
- Source citation: Work cat.: (NUST): McEntire, David A., Disaster response and recovery :
